000
00332nam a2200169Ia 4500
100
_a
Lam/Chuck
650
_a
Hadoop
942
_c
BK
366
_f
25
654
_a
hadoop
245
_a
Hadoop in action
260
_b
Dreamtech Press
_c
2016
082
_b
LAM
300
_a
311
546
_a
ENGLISH
_c
electronics
999
_c
33725
_d
33725